00418nam a2200133Ia 450000500170000000800410001702000150005805000190007310000320009224500790012426000470020330000180025065000160026820231102150905.0120626s1999 mx 000 0 s d a9701504666 aTJ219bG8 1999 aGuillén Salvador, Antonio aAplicaciones industriales de la neumáticac / Antonio Guillén Salvador aBogotáb : Alfaomegab: Marcomboc, 1999 a160 páginas 0aNEUMÁTICA